Sports Quiz

Random Sports or Football Quiz

Highest football (soccer) transfer fees by league Quiz Stats

 Plays Quiz not verified by Sporcle

Score 0/102 Timer 20:00
0 Plays Today
League Player % Correct
Premier LeaguePaul Pogba
98%
La LigaNeymar
98%
Ligue 1Neymar
98%
La LigaCristiano Ronaldo
97.5%
La LigaRonaldo
97.5%
Premier LeagueRomelu Lukaku
96.6%
Premier LeagueKevin De Bruyne
96.6%
La LigaGareth Bale
96.6%
Premier LeagueÁngel Di María
96.1%
Ligue 1Ángel Di María
96.1%
La LigaLuis Suárez
95.6%
Premier LeagueFernando Torres
95.1%
Premier LeagueRaheem Sterling
95.1%
La LigaOusmane Dembélé
95.1%
Premier LeagueAlexandre Lacazette
94.6%
Serie AGonzalo Higuaín
94.1%
Serie AGonzalo Higuaín
94.1%
Premier LeagueMesut Özil
93.6%
Ligue 1Thiago Silva
93.6%
Premier LeagueBernardo Silva
93.1%
Serie AAndré Silva
93.1%
Premier LeagueÁlvaro Morata
92.2%
La LigaZinédine Zidane
92.2%
La LigaZlatan Ibrahimović
91.7%
La LigaLuís Figo
91.2%
Premier LeagueBenjamin Mendy
90.7%
Premier LeagueKyle Walker
90.7%
Premier LeagueAnthony Martial
90.7%
La LigaJames Rodríguez
90.2%
Ligue 1James Rodríguez
90.2%
Premier LeagueGranit Xhaka
89.7%
La LigaRadamel Falcao
89.7%
Ligue 1Radamel Falcao
89.7%
La LigaPaulinho
89.2%
League Player % Correct
Premier LeagueJohn Stones
88.2%
La LigaKaká
88.2%
Premier LeagueLeroy Sané
87.7%
Premier LeagueRio Ferdinand
87.3%
Premier LeagueJuan Mata
87.3%
Serie AGianluigi Buffon
87.3%
Premier LeagueGylfi Sigurðsson
84.3%
Ligue 1Edinson Cavani
84.3%
Premier LeagueChristian Benteke
82.4%
BundesligaMario Götze
82.4%
Serie ALeonardo Bonucci
81.9%
BundesligaMats Hummels
81.4%
La LigaArjen Robben
80.9%
BundesligaArjen Robben
80.9%
Ligue 1David Luiz
80.4%
La LigaDavid Beckham
79.9%
BundesligaJulian Draxler
79.4%
BundesligaJavi Martínez
79.4%
Ligue 1Julian Draxler
79.4%
La LigaJackson Martínez
78.9%
Serie ARui Costa
77.5%
BundesligaDouglas Costa
77%
La LigaDavid Villa
76.5%
Serie AHernán Crespo
74.5%
Serie AHernán Crespo
74.5%
Ligue 1Lucas Moura
70.6%
Serie APaulo Dybala
70.1%
La LigaMarc Overmars
69.6%
Ligue 1Dimitri Payet
69.1%
BundesligaAndré Schürrle
67.6%
BundesligaAndré Schürrle
67.6%
BundesligaCorentin Tolisso
67.2%
Ligue 1Javier Pastore
65.2%
BundesligaFranck Ribéry
64.7%
League Player % Correct
BundesligaThiago Alcântara
64.2%
BundesligaArturo Vidal
62.7%
Serie AGaizka Mendieta
61.8%
Serie AMiralem Pjanić
61.3%
BundesligaMario Gómez
60.8%
Serie AChristian Vieri
60.3%
BundesligaRenato Sanches
59.3%
BundesligaManuel Neuer
58.8%
Ligue 1Yohan Cabaye
57.4%
Ligue 1Youri Tielemans
55.9%
Serie AGabriel Batistuta
54.9%
Ligue 1Ezequiel Lavezzi
54.4%
La LigaJavier Saviola
53.9%
Serie APavel Nedvěd
52%
Serie AFilippo Inzaghi
52%
BundesligaAndrey Yarmolenko
52%
BundesligaMehdi Benatia
51.5%
Serie AJoão Mário
51%
Serie AArkadiusz Milik
50.5%
Ligue 1Marquinhos
50%
Serie AFederico Bernardeschi
47.1%
Serie AGeoffrey Kondogbia
47.1%
Serie ALilian Thuram
46.6%
BundesligaHenrik Mkhitaryan
46.1%
La LigaVitolo
44.1%
Ligue 1Nicolas Anelka
44.1%
Ligue 1João Moutinho
43.1%
Ligue 1Jesé Rodríguez
42.2%
Ligue 1Laywin Kurzawa
41.7%
Ligue 1Grzegorz Krychowiak
39.2%
Ligue 1Keita Baldé Diao
38.7%
Ligue 1Gonçalo Guedes
31.4%
BundesligaMárcio Amoroso
22.1%
BundesligaLucas Alario
14.2%

You're not logged in!

Compare scores with friends on all Sporcle quizzes.
OR
Log In

Sporcle TV

Today on Sporcle TV


Watch our educational content, quiz creation guides, and fun videos on Sporcle TV.

Show Comments

Extras

Top Quizzes Today


Score Distribution

Your Account Isn't Verified!

In order to create a playlist on Sporcle, you need to verify the email address you used during registration. Go to your Sporcle Settings to finish the process.

Report this User

Report this user for behavior that violates our Community Guidelines.

Details: